000 00862cam a22002531 4500
001 sa 68015762
003 DLC
005 20260227112646.0
008 890717s1964 ii 000 0 sano
010 _asa 68015762
035 _a(OCoLC)20020547
040 _aDLC
_cWaU
_dDLC
050 0 0 _aPK541
_b.N335 1964
100 0 _aNāgeśabhaṭṭa,
_dactive 1670-1750.
245 1 0 _aParibhāṣenduśekharaḥ.
260 _c[1964]
300 _a339 p.
_c25 cm.
500 _aCover title.
500 _aIncludes two commentaries, Bhūti, by Ramkrishna Shastri Patwardhan, and Tattvaprakāśikā, by Gaṇapatiśāstrī Mokāte, the latter a commentary on the former.
500 _aIn Sanskrit.
650 0 _aSanskrit language
_xGrammar.
700 1 _aPatwardhan, Ramkrishna Shastri.
_tBhūti.
700 1 _aMokāte, Gaṇapatiśāstrī.
_tTattvaprakāśikā.
999 _c86666
_d86666